Countries with the smallest borders - Statistics

General Stats
  • This quiz has been taken 29 times
  • The average score is 10 of 18
Answer Stats
Hint Answer % Correct
Europe Monaco
92%
Europe Vatican
92%
Liechtenstein
84%
France
72%
Italy
72%
Europe Austria
68%
Asia Russia
64%
North Korea
60%
Europe UK
60%
Morocco
44%
Africa Spain
44%
Spain
44%
Montenegro
40%
Africa Botswana
36%
Europe Croatia
36%
Zambia
36%
Asia Azerbaijan
28%
Turkey
24%
No matching quizzes found
Score Distribution
Percent of People with Each Score
Percentile by Number Answered
Your Score History
You have not taken this quiz